What’s My Destiny Dragon Ball - Giorgio Vanni - Testo Completo - Statistics

Statistiche generali
  • Questo quiz è stato fatto 289 volte
  • Il punteggio medio è 207 su 244
Statistiche sulle risposte
Risposta % Corretto
Ball
99%
drago
99%
lo
98%
sai,
98%
sai
98%
tu
98%
Tu
98%
Dragon
97%
non
97%
destiny
95%
destiny)
95%
Goku
94%
What
94%
che
93%
Chi
92%
presto
92%
scoprirai,
92%
sei?
92%
e
91%
E
91%
è
91%
is
91%
my
91%
però
91%
so
90%
un
90%
Io
89%
come
87%
te
87%
te,
87%
poi
86%
c'è
85%
ce
85%
sia
83%
grande
82%
scomparirai
82%
Perché
81%
perché
81%
nel
80%
là,
79%
la
79%
le
79%
tuo
79%
con
78%
il
78%
passato
78%
realtà
77%
nuova
76%
in
75%
your
75%
sue
74%
verità
74%
più
72%
Una
70%
cuore
69%
Ma
69%
scaverà
69%
ritrovare
68%
saprà
68%
dirai
65%
guardando
56%
mai
52%
vincerai
51%
buio
50%
tua
49%
(What's
48%
già
46%
oramai
45%
ardente
43%
fiamma
43%
L'oscurità
39%
splendente
35%
Andrai
33%
diverrà
31%
Laggiù,
30%
nell'immensità
28%
all'oscurità,
20%
cambierà
20%
tutto
20%
incontro
18%
finché
17%
tornerai
17%
Nessun quiz corrispondente trovato
Distribuzione punteggi
Percentuale di utenti per punteggio
Percentile per numero di risposta
I tuoi punteggi nel tempo
Non hai fatto questo quiz